Dioses y hombres de Huarochirí: Narración quechua recogida por Francisco de Avila 1598?
সংরক্ষণ করুন:
| প্রধান লেখক: | |
|---|---|
| বিন্যাস: | গ্রন্থ |
| ভাষা: | স্প্যানিশ কেচুয়া |
| প্রকাশিত: |
Lima
Universidad Antonio Ruiz de Montoya Jesuitas
2007
|
| সংস্করন: | 2a. ed |
| বিষয়গুলি: | |
| ট্যাগগুলো: |
ট্যাগ যুক্ত করুন
কোনো ট্যাগ নেই, প্রথমজন হিসাবে ট্যাগ করুন!
|
MARC
| LEADER | 00000nam a2200000 a 4500 | ||
|---|---|---|---|
| 001 | UCH4810 | ||
| 003 | CL-VaPUC | ||
| 008 | 090903e20070700PE |||||||||||||||||spa|d | ||
| 020 | |a 9789972999567 | ||
| 041 | 0 | 7 | |a spa |2 CL-VaPUC |
| 041 | 0 | 7 | |a que |2 CL-VaPUC |
| 082 | 0 | 4 | |a 910.4 |b AVI |2 21 |
| 100 | 0 | |a Avila, Francisco de |e author |9 540749 | |
| 245 | 1 | 0 | |a Dioses y hombres de Huarochirí: Narración quechua recogida por Francisco de Avila 1598? |
| 250 | |a 2a. ed | ||
| 300 | |a 287 p | ||
| 942 | |c BK | ||
| 945 | |d 20090903 00:00:00 |a dcastane | ||
| 260 | |a Lima |b Universidad Antonio Ruiz de Montoya Jesuitas |c 2007 | ||
| 500 | |a Traducción de José María Arguedas | ||
| 650 | 0 | |a Cultura prehispánica |9 523260 | |
| 650 | 7 | |a COSMOGONIA QUECHUA |2 CL-VaPUC |9 540750 | |
| 650 | 7 | |a RELIGION INCA |2 CL-VaPUC |9 540751 | |
| 650 | 7 | |a LENGUA QUECHUA |2 CL-VaPUC |9 461489 | |
| 650 | 0 | |a Etnografía |9 309735 | |
| 650 | 7 | |a TRADICIONES |2 CL-VaPUC |9 367367 | |
| 651 | 0 | |a Perú |9 256567 | |
| 583 | |a last modification |c 20090903 00:00:00 |k Rodrigo Vera | ||
| 999 | |c 336068 |d 336066 | ||
| 952 | |0 0 |1 0 |4 0 |6 910_400000000000000_AVI_2007 |7 0 |8 X |9 426963 |a FDOBUD |b FDOBUD |d 2019-11-22 |i 4596722 |o 910.4 AVI 2007 |p 4596722 |r 2019-11-22 |w 2019-11-22 |y BK_X |k BUD | ||